000 00551nam a2200181 a 4500
001 BRCA_1109
005 20190320203302.0
008 930907s1988 mx-a---##b---#000-0#spa-#
040 _aDLC
_cDLC
050 4 _aN5202.P8
_b.C33 1988
100 1 _aCabrera, Francisco J.
_9157
245 1 0 _aEl coleccionismo en Puebla
_cFrancisco J. Cabrera.
260 _aMéxico
_bF.J. Cabrera
_c1988
300 _a251 p.
_bil.
_c18 cm.
500 _a2do. ejemplar en Área de Investigación
650 1 4 _aArte
_xColeccionistas y colecciones
_zMéxico
_93662
942 _2lcc
_cB
999 _c988
_d988